000 00362nam a2200145Ia 4500
008 240624s9999 xx 000 0 und d
041 _aeng
082 _a658.5 HEI
100 _aHEIZER JAY
245 _aPRINCIPLES OF OPERATIONS MANAGEMENT SUST
250 _a(10th ed.)
260 _c2017
_aNew Delhi
_bPearson
300 _a767 p.; 25 cm.
365 _cBPS
_b28
999 _c29741
_d29741